Dicionário de ingles-portugues, portugues-ingles dicionários modernos
Saved in:
| Format: | Book |
|---|---|
| Language: | English Portuguese |
| Published: |
Porto
Porto Editora
2009
|
| Subjects: | |
| Tags: |
No Tags, Be the first to tag this record!
|
MARC
| LEADER | 00000nam a2200000 4500 | ||
|---|---|---|---|
| 001 | 0150500 | ||
| 005 | 20240318113206.1 | ||
| 020 | |a 978-972-0-01475-7 | ||
| 041 | 0 | |a eng | |
| 041 | 0 | |a por | |
| 044 | |a PT | ||
| 245 | 1 | 0 | |a Dicionário de ingles-portugues, portugues-ingles |b dicionários modernos |
| 264 | 1 | |a Porto |b Porto Editora |c 2009 | |
| 300 | |a 1142 s. | ||
| 610 | 2 | 0 | |a jazykoveda |
| 610 | 2 | 0 | |a terminológia |
| 610 | 2 | 0 | |a jazyky cudzie |